Fundamentals of bioanalytical techniques and instrumentation / (Record no. 157772)

MARC details
000 -LEADER
fixed length control field 00730nam a22002177a 4500
005 - DATE AND TIME OF LATEST TRANSACTION
control field 20180929105047.0
010 ## - LCCN (DPL NO)
LC control number ENG-124090
020 ## - INTERNATIONAL STANDARD BOOK NUMBER
International Standard Book Number 9789387472396
Terms of availability 495.00
035 ## - SYSTEM CONTROL NUMBER
System control number EN-107622
037 ## - SOURCE OF ACQUISITION
Source of stock number/acquisition DBAD/PUB
082 ## - DEWEY DECIMAL CLASSIFICATION NUMBER
Classification number 660.6
100 ## - MAIN ENTRY--PERSONAL NAME
Personal name Ghosal, Sabari
245 ## - TITLE STATEMENT
Title Fundamentals of bioanalytical techniques and instrumentation /
Statement of responsibility, etc by Sabari Ghosal [and] Anupama Sharma Avasthi
250 ## - EDITION STATEMENT
Edition statement 2nd ed.
260 ## - PUBLICATION, DISTRIBUTION, ETC. (IMPRINT)
Date of publication, distribution, etc 2018
Place of publication, distribution, etc Delhi
Name of publisher, distributor, etc PHI Learning Pvt. Ltd.
270 ## - ADDRESS
City Delhi
Address Rimjhim House, 111, Patparganj Industrial Estate,
Postal code 110092
300 ## - PHYSICAL DESCRIPTION
Extent xx,483p.
Dimensions 26cm.(pbk)
500 ## - GENERAL NOTE
General note It includes suggested readings and index
700 ## - ADDED ENTRY--PERSONAL NAME
Personal name Sharma Avasthi, Anupama
942 ## - ADDED ENTRY ELEMENTS (KOHA)
Source of classification or shelving scheme Dewey Decimal Classification
Item type English Books
Classification part 660.6
Call number suffix GHO
Holdings
Withdrawn status Lost status Not for loan Collection code Home library Current library Date acquired Source of acquisition Cost, normal purchase price Full call number Barcode Copy number Cost, replacement price Koha item type
    Not For Loan Non-fiction D.B.Act.Division Sarojini Nagar 29/09/2018 DBAD/PUB 495.00 660.6 GHO EN-107622 1 495.00 English Books

© Delhi Public Library
Hit Counter
free hit counter